[Event "Tula Suetin Memorial"]
[Site "Tula"]
[Date "2021.01.09"]
[Round "9"]
[White "Golubev, Evgeniy1"]
[Black "Shkurkin, Andrey"]
[Result "1/2-1/2"]
[WhiteElo "2234"]
[BlackElo "2230"]
[PlyCount "30"]
[EventDate "2021.01.03"]
[EventType "tourn"]
[EventRounds "9"]
[EventCountry "RUS"]
[EventCategory "2"]
[SourceTitle "CBM 200 Extra"]
[Source "ChessBase"]
[SourceDate "2021.03.31"]
[SourceVersion "1"]
[SourceVersionDate "2021.03.31"]
[SourceQuality "1"]

1. d4 d5 2. Bf4 Nf6 3. e3 c6 4. Nf3 Bf5 5. Bd3 Bxd3 6. Qxd3 e6 7. 0-0 Bd6 8. Bxd6 Qxd6 9. c3 0-0 10. Nbd2 Nbd7 11. a4 a5 12. e4 dxe4 13. Nxe4 Nxe4 14. Qxe4 Qd5 15. Qxd5 exd5 1/2-1/2

[Event "Tula Suetin Memorial"]
[Site "Tula"]
[Date "2021.01.06"]
[Round "5"]
[White "Shkurkin, Andrey"]
[Black "Maneluk, Daniil"]
[Result "0-1"]
[WhiteElo "2230"]
[BlackElo "2353"]
[PlyCount "38"]
[EventDate "2021.01.03"]
[EventType "tourn"]
[EventRounds "9"]
[EventCountry "RUS"]
[EventCategory "2"]
[SourceTitle "CBM 200 Extra"]
[Source "ChessBase"]
[SourceDate "2021.03.31"]
[SourceVersion "1"]
[SourceVersionDate "2021.03.31"]
[SourceQuality "1"]

1. e4 e5 2. Nf3 Nc6 3. Bb5 f5 4. Nc3 Nf6 5. exf5 e4 6. Nh4 g5 7. fxg6 d5 8. d3 Bg4 9. f3 Nh5 10. 0-0 Qxh4 11. g7 Bxg7 12. Bxc6+ bxc6 13. Qe1 Qxe1 14. Rxe1 Bd4+ 15. Kh1 Be6 16. fxe4 Kd7 17. exd5 cxd5 18. Bd2 Rab8 19. Rab1 Rhf8 0-1

[Event "Chigorin Memorial 27th"]
[Site "St Petersburg"]
[Date "2019.10.05"]
[Round "1"]
[White "Shkurkin, Andrey"]
[Black "Lezina, Anna"]
[Result "1-0"]
[WhiteElo "2184"]
[BlackElo "1542"]
[PlyCount "87"]
[EventDate "2019.10.05"]
[EventType "swiss"]
[EventRounds "9"]
[EventCountry "RUS"]
[SourceTitle "EXT 2020"]
[Source "ChessBase"]
[SourceDate "2019.10.17"]
[SourceVersion "1"]
[SourceVersionDate "2019.10.17"]
[SourceQuality "1"]

1. d4 Nf6 2. c4 g6 3. Nc3 d5 4. Nf3 Bg7 5. Bg5 Ne4 6. cxd5 Nxg5 7. Nxg5 e6 8. Qd2 exd5 9. Qe3+ Kf8 10. Qf4 Qd7 11. h4 h6 12. Nf3 Kg8 13. e3 c6 14. Bd3 Qg4 15. Qc7 Nd7 16. h5 g5 17. Rh2 Nf8 18. Ne5 Bxe5 19. Qxe5 Qe6 20. Qc7 Qd7 21. Qg3 Qg4 22. Qxg4 Bxg4 23. b4 Nh7 24. f3 Be6 25. b5 Kg7 26. g4 Rhe8 27. bxc6 bxc6 28. Rb2 Re7 29. Rab1 Rae8 30. Rb7 Nf6 31. Kd2 Bd7 32. Nd1 Be6 33. a4 Ng8 34. Rxe7 Rxe7 35. Rb8 Rc7 36. a5 Ne7 37. a6 f5 38. Rb7 Rd7 39. Nf2 Kf7 40. gxf5 Nxf5 41. Ng4 Kf8 42. Ne5 Rg7 43. Ng6+ Kg8 44. Rb8+ 1-0

[Event "RUS-chT blitz"]
[Site "Sochi"]
[Date "2018.10.10"]
[Round "12.5"]
[White "Shkurkin, Andrey"]
[Black "Ponkratov, Pavel"]
[Result "0-1"]
[WhiteElo "2201"]
[BlackElo "2628"]
[PlyCount "54"]
[EventDate "2018.10.10"]
[EventType "team-swiss (blitz)"]
[EventRounds "15"]
[EventCountry "RUS"]
[SourceTitle "CBM 186 Extra"]
[Source "ChessBase"]
[SourceDate "2018.08.24"]
[SourceVersion "1"]
[SourceVersionDate "2018.08.24"]
[SourceQuality "1"]
[WhiteTeam "Belgorod Rakita"]
[BlackTeam "Yuzhnyy Ural"]
[WhiteTeamCountry "RUS"]
[BlackTeamCountry "RUS"]

1. d4 Nf6 2. c4 e6 3. g3 c5 4. d5 exd5 5. cxd5 d6 6. Nc3 g6 7. Bg2 Bg7 8. Nf3 0-0 9. 0-0 Re8 10. Bf4 a6 11. a4 Bf5 12. a5 Ne4 13. Nxe4 Bxe4 14. Qd2 Qe7 15. Ra3 Nd7 16. Re3 Qf8 17. Qc1 h6 18. h4 Nf6 19. Rd1 Nh5 20. Qc4 f5 21. Nd2 Nxf4 22. Nxe4 Nxg2 23. Nc3 Nxe3 24. fxe3 Rxe3 25. Qf4 Rae8 26. Rf1 Qe7 27. g4 Qxh4 0-1

[Event "RUS-chT blitz"]
[Site "Sochi"]
[Date "2018.10.10"]
[Round "7.7"]
[White "Shkurkin, Andrey"]
[Black "Rakhmanov, Alexander"]
[Result "0-1"]
[WhiteElo "2201"]
[BlackElo "2634"]
[PlyCount "100"]
[EventDate "2018.10.10"]
[EventType "team-swiss (blitz)"]
[EventRounds "15"]
[EventCountry "RUS"]
[SourceTitle "CBM 186 Extra"]
[Source "ChessBase"]
[SourceDate "2018.08.24"]
[SourceVersion "1"]
[SourceVersionDate "2018.08.24"]
[SourceQuality "1"]
[WhiteTeam "Belgorod Rakita"]
[BlackTeam "Vologodsk Region"]
[WhiteTeamCountry "RUS"]
[BlackTeamCountry "RUS"]

1. d4 Nf6 2. c4 d6 3. Nc3 e5 4. dxe5 dxe5 5. Qxd8+ Kxd8 6. Nf3 Bd6 7. Bg5 Be6 8. e4 Nbd7 9. 0-0-0 h6 10. Bh4 Kc8 11. Be2 Bb4 12. Nd2 Bxc3 13. bxc3 Nc5 14. f3 Nfd7 15. Bf2 a5 16. Nb3 b6 17. Kc2 Nb7 18. Rd2 a4 19. Nc1 Na5 20. Rhd1 Nc5 21. Be3 Nxc4 22. Bxc4 Bxc4 23. Bxc5 bxc5 24. Rd7 Be6 25. R7d2 c4 26. a3 Rb8 27. Na2 Rb3 28. Nb4 Rxa3 29. Nd5 Ra2+ 30. Kc1 Rxd2 31. Rxd2 Kb7 32. Nb4 g5 33. Kb2 g4 34. fxg4 Bxg4 35. Ka3 Be6 36. Nc2 Kb6 37. Ne3 Kc5 38. g3 Rb8 39. Nd1 Rb1 40. Ka2 Rb3 41. Rb2 c6 42. Rd2 h5 43. Rb2 a3 44. Rxb3 cxb3+ 45. Kxa3 Kc4 46. Kb2 Kd3 47. Nf2+ Ke3 48. Nd1+ Kxe4 49. Kc1 Kd3 50. Kb2 Ke2 0-1

[Event "RUS-chT blitz"]
[Site "Sochi"]
[Date "2018.10.10"]
[Round "11.8"]
[White "Taysayev, Timur"]
[Black "Shkurkin, Andrey"]
[Result "1-0"]
[WhiteElo "2225"]
[BlackElo "2201"]
[PlyCount "77"]
[EventDate "2018.10.10"]
[EventType "team-swiss (blitz)"]
[EventRounds "15"]
[EventCountry "RUS"]
[SourceTitle "CBM 186 Extra"]
[Source "ChessBase"]
[SourceDate "2018.08.24"]
[SourceVersion "1"]
[SourceVersionDate "2018.08.24"]
[SourceQuality "1"]
[WhiteTeam "Daryal Alaniya"]
[BlackTeam "Belgorod Rakita"]
[WhiteTeamCountry "RUS"]
[BlackTeamCountry "RUS"]

1. e4 c5 2. Nf3 g6 3. d4 cxd4 4. Nxd4 Bg7 5. c4 Nc6 6. Be3 Nf6 7. Nc3 0-0 8. Be2 d6 9. 0-0 Bd7 10. Qd2 Nxd4 11. Bxd4 Bc6 12. Bd3 Nd7 13. Be3 a5 14. b3 Nc5 15. Bc2 Qb6 16. Rfb1 Qb4 17. Bd4 Rfc8 18. a3 Qb6 19. Nd5 Bxd5 20. exd5 Bxd4 21. Qxd4 Nd7 22. Qe4 Kf8 23. Re1 Qd8 24. Re3 Nf6 25. Qd4 b5 26. Bd3 bxc4 27. Bxc4 Rc5 28. Rae1 Ra7 29. g4 Rac7 30. g5 Ng8 31. a4 Qd7 32. Qh4 Qf5 33. Kg2 Rxd5 34. Bxd5 Qxd5+ 35. Kg3 Rc5 36. f4 Rc2 37. Qh3 Rb2 38. Qc8+ Kg7 39. Qc3+ 1-0

[Event "RUS-chT rapid"]
[Site "Sochi"]
[Date "2018.10.09"]
[Round "8.6"]
[White "Jary, Sergey"]
[Black "Shkurkin, Andrey"]
[Result "1/2-1/2"]
[WhiteElo "2286"]
[BlackElo "2201"]
[PlyCount "32"]
[EventDate "2018.10.08"]
[EventType "team-swiss (rapid)"]
[EventRounds "9"]
[EventCountry "RUS"]
[SourceTitle "CBM 186 Extra"]
[Source "ChessBase"]
[SourceDate "2018.08.24"]
[SourceVersion "1"]
[SourceVersionDate "2018.08.24"]
[SourceQuality "1"]
[WhiteTeam "Krym Nash"]
[BlackTeam "Belgorod Rakita"]
[WhiteTeamCountry "RUS"]
[BlackTeamCountry "RUS"]

1. d4 Nf6 2. Nf3 c5 3. e3 cxd4 4. exd4 d5 5. Bf4 Nc6 6. c3 Bf5 7. Bd3 Bxd3 8. Qxd3 e6 9. Nbd2 Bd6 10. Bxd6 Qxd6 11. 0-0 0-0 12. Rfe1 a6 13. Ne5 Rfc8 14. Re3 b5 15. a3 Na5 16. b4 Nc4 1/2-1/2

[Event "RUS-chT rapid"]
[Site "Sochi"]
[Date "2018.10.09"]
[Round "6.9"]
[White "Shkurkin, Andrey"]
[Black "Kretov, Evgenij"]
[Result "0-1"]
[WhiteElo "2201"]
[BlackElo "2219"]
[PlyCount "72"]
[EventDate "2018.10.08"]
[EventType "team-swiss (rapid)"]
[EventRounds "9"]
[EventCountry "RUS"]
[SourceTitle "CBM 186 Extra"]
[Source "ChessBase"]
[SourceDate "2018.08.24"]
[SourceVersion "1"]
[SourceVersionDate "2018.08.24"]
[SourceQuality "1"]
[WhiteTeam "Belgorod Rakita"]
[BlackTeam "Moscow Liga Tsifrovoy Ekonomiki"]
[WhiteTeamCountry "RUS"]
[BlackTeamCountry "RUS"]

1. d4 Nf6 2. c4 e6 3. g3 c5 4. d5 exd5 5. cxd5 b5 6. e4 Nxe4 7. Bg2 Nd6 8. Nf3 Be7 9. 0-0 0-0 10. Bf4 Bb7 11. Re1 Nc4 12. Nc3 b4 13. Ne4 d6 14. Qc2 Nb6 15. Rad1 Na6 16. Nfg5 g6 17. Qe2 c4 18. Qg4 h5 19. Qh4 Nxd5 20. Rxd5 Bxd5 21. Nf6+ Bxf6 22. Bxd5 Qd7 23. h3 Rae8 24. Rd1 Qf5 25. Bxc4 Nc5 26. Rd5 Re1+ 27. Kh2 Qc2 28. Bd2 Re4 29. Bd3 Qxd3 30. Qxe4 Qxe4 31. Nxe4 Nxe4 32. Bxb4 Rb8 33. a3 Nxf2 34. Rxd6 Be7 35. Rd7 Bxb4 36. axb4 Rxb4 0-1

[Event "RUS-chT rapid"]
[Site "Sochi"]
[Date "2018.10.09"]
[Round "7.8"]
[White "Shkurkin, Andrey"]
[Black "Tatarintsev, Egor"]
[Result "1-0"]
[WhiteElo "2201"]
[BlackElo "2086"]
[PlyCount "83"]
[EventDate "2018.10.08"]
[EventType "team-swiss (rapid)"]
[EventRounds "9"]
[EventCountry "RUS"]
[SourceTitle "CBM 186 Extra"]
[Source "ChessBase"]
[SourceDate "2018.08.24"]
[SourceVersion "1"]
[SourceVersionDate "2018.08.24"]
[SourceQuality "1"]
[WhiteTeam "Belgorod Rakita"]
[BlackTeam "Voronezh SDYuSShOR"]
[WhiteTeamCountry "RUS"]
[BlackTeamCountry "RUS"]

1. d4 e6 2. c4 b6 3. e4 Bb7 4. Bd3 Nc6 5. Nf3 Nb4 6. Nc3 Nxd3+ 7. Qxd3 Ne7 8. Bg5 f6 9. Be3 d6 10. 0-0 Qd7 11. b4 g5 12. d5 e5 13. c5 c6 14. dxc6 Bxc6 15. cxd6 Rd8 16. Rfd1 Nc8 17. b5 Bb7 18. Rac1 Bxd6 19. Qc4 Qf7 20. Nd5 Bxd5 21. Rxd5 Ne7 22. Rdd1 Qxc4 23. Rxc4 Kf7 24. Kf1 Ke6 25. Ke2 Rc8 26. Rdc1 Rxc4 27. Rxc4 Rd8 28. Nd2 h6 29. a4 f5 30. f3 f4 31. Bf2 Ng6 32. a5 bxa5 33. Bxa7 Bb4 34. Nb3 Ne7 35. b6 Nc8 36. Rc6+ Bd6 37. Nc5+ Ke7 38. Nb7 Rd7 39. Nxd6 Nxd6 40. Bb8 a4 41. Bxd6+ Rxd6 42. b7 1-0

[Event "RUS-chT rapid"]
[Site "Sochi"]
[Date "2018.10.08"]
[Round "3.2"]
[White "Demidov, Mikhail"]
[Black "Shkurkin, Andrey"]
[Result "1/2-1/2"]
[WhiteElo "2514"]
[BlackElo "2201"]
[PlyCount "165"]
[EventDate "2018.10.08"]
[EventType "team-swiss (rapid)"]
[EventRounds "9"]
[EventCountry "RUS"]
[SourceTitle "CBM 186 Extra"]
[Source "ChessBase"]
[SourceDate "2018.08.24"]
[SourceVersion "1"]
[SourceVersionDate "2018.08.24"]
[SourceQuality "1"]
[WhiteTeam "Karpov Chess School"]
[BlackTeam "Belgorod Rakita"]
[WhiteTeamCountry "RUS"]
[BlackTeamCountry "RUS"]

1. Nf3 c5 2. g3 Nc6 3. Bg2 g6 4. 0-0 Bg7 5. d3 d5 6. Nbd2 Nf6 7. e4 0-0 8. exd5 Nxd5 9. Re1 e6 10. Nc4 b6 11. a4 Bb7 12. h4 Qc7 13. c3 Rfd8 14. h5 a6 15. hxg6 hxg6 16. Ng5 b5 17. axb5 axb5 18. Rxa8 Bxa8 19. Ne3 b4 20. Nxd5 exd5 21. Bxd5 Rxd5 22. Re8+ Bf8 23. Rxa8 Ne5 24. Bf4 Qb7 25. Qa4 Qd7 26. Bxe5 Qxa4 27. Rxa4 Rxe5 28. Ne4 c4 29. f4 Re6 30. Kf2 bxc3 31. bxc3 cxd3 32. Kf3 f5 33. Nf2 Bc5 34. Nd1 Re2 35. Ra5 Bb6 36. Rb5 Bg1 37. Rb2 Rc2 38. g4 fxg4+ 39. Kxg4 Kf7 40. Kf3 Ke6 41. Rb1 Re2 42. Nb2 Ba7 43. Nd1 Bg1 44. Rb2 Rc2 45. Ke4 Re2+ 46. Kxd3 Rxb2 47. Nxb2 Kf5 48. Ke2 Kxf4 49. Nd3+ Kg3 50. Ne5 g5 51. Nf3 Bc5 52. Nxg5 Kg4 53. Ne6 Bd6 54. Kd3 Kf5 55. Nd4+ Ke5 56. Kc4 Bf8 57. Nc6+ Kd6 58. Kb5 Bg7 59. c4 Kc7 60. Ne7 Bd4 61. Nf5 Bf2 62. Kb4 Kc6 63. Kc3 Kc5 64. Kd3 Bg1 65. Ng3 Kc6 66. Ne2 Bc5 67. Ng3 Bg1 68. Kc3 Bc5 69. Nh5 Kd6 70. Kd3 Kc6 71. Ng3 Bg1 72. Ne4 Bc5 73. Nxc5 Kxc5 74. Kc3 Kc6 75. Kd4 Kd6 76. c5+ Kc6 77. Kc4 Kc7 78. Kb5 Kb7 79. c6+ Kc7 80. Kc5 Kc8 81. Kd6 Kd8 82. c7+ Kc8 83. Kc6 1/2-1/2

[Event "RUS-chT rapid"]
[Site "Sochi"]
[Date "2018.10.08"]
[Round "1.2"]
[White "Kamsky, Gata"]
[Black "Shkurkin, Andrey"]
[Result "1-0"]
[WhiteElo "2666"]
[BlackElo "2201"]
[PlyCount "67"]
[EventDate "2018.10.08"]
[EventType "team-swiss (rapid)"]
[EventRounds "9"]
[EventCountry "RUS"]
[SourceTitle "CBM 186 Extra"]
[Source "ChessBase"]
[SourceDate "2018.08.24"]
[SourceVersion "1"]
[SourceVersionDate "2018.08.24"]
[SourceQuality "1"]
[WhiteTeam "Kazan Ladya"]
[BlackTeam "Belgorod Rakita"]
[WhiteTeamCountry "RUS"]
[BlackTeamCountry "RUS"]

1. e4 c5 2. Nc3 Nc6 3. Bb5 Nd4 4. Bc4 e6 5. d3 Nf6 6. e5 d5 7. exd6 Bxd6 8. Nge2 0-0 9. 0-0 a6 10. a4 Qc7 11. h3 Bd7 12. Nxd4 cxd4 13. Ne2 b5 14. axb5 axb5 15. Rxa8 Rxa8 16. Bb3 Qb6 17. Bg5 Bc6 18. Qd2 Nd5 19. Bh4 e5 20. Bg3 Qc7 21. Re1 Kh8 22. c3 h6 23. cxd4 Bb4 24. Nc3 Qa5 25. Bxe5 Kg8 26. Rc1 Nxc3 27. bxc3 Be7 28. d5 Bd7 29. Re1 Bg5 30. Qd1 Bf5 31. d6 Rd8 32. h4 Bxh4 33. Qh5 Bg6 34. Qxg6 1-0

[Event "Odoev-ch"]
[Site "Odoev"]
[Date "2018.05.29"]
[Round "2"]
[White "Karpov, Alexander N"]
[Black "Shkurkin, Andrey"]
[Result "1-0"]
[WhiteElo "2007"]
[BlackElo "2239"]
[PlyCount "59"]
[EventDate "2018.05.28"]
[EventType "swiss"]
[EventRounds "9"]
[EventCountry "RUS"]
[SourceTitle "EXT 2019"]
[Source "ChessBase"]
[SourceDate "2018.10.10"]
[SourceVersion "1"]
[SourceVersionDate "2018.10.10"]
[SourceQuality "1"]

1. e4 c5 2. Nc3 Nc6 3. Bb5 Nd4 4. Bc4 Nf6 5. d3 e6 6. e5 d5 7. exf6 dxc4 8. fxg7 Bxg7 9. dxc4 e5 10. Nge2 Be6 11. b3 0-0 12. 0-0 Qc7 13. Bb2 Rad8 14. Nxd4 exd4 15. Ne4 h6 16. Qh5 b6 17. Rad1 Qe5 18. Qxe5 Bxe5 19. f4 Bg7 20. f5 Bc8 21. f6 Bh8 22. c3 Bb7 23. Ng3 Rd6 24. cxd4 Bxf6 25. Nf5 Bxd4+ 26. Bxd4 Bxg2 27. Rf2 Rg6 28. Ne7+ Kh7 29. Nxg6 cxd4 30. Nxf8+ 1-0

[Event "RUS-chT2"]
[Site "Sochi"]
[Date "2018.05.04"]
[Round "4.7"]
[White "Shkurkin, Andrey"]
[Black "Golubeva, Oksana"]
[Result "1-0"]
[WhiteElo "2239"]
[BlackElo "2177"]
[PlyCount "75"]
[EventDate "2018.05.01"]
[EventType "team-swiss"]
[EventRounds "9"]
[EventCountry "RUS"]
[SourceTitle "CBM 184 Extra"]
[Source "ChessBase"]
[SourceDate "2018.06.28"]
[SourceVersion "1"]
[SourceVersionDate "2018.06.28"]
[SourceQuality "1"]
[WhiteTeam "Tula Region"]
[BlackTeam "Moscow Gogol Mogol"]
[WhiteTeamCountry "RUS"]
[BlackTeamCountry "RUS"]

1. d4 d5 2. c4 c6 3. Nf3 Nf6 4. g3 e6 5. Bg2 Nbd7 6. 0-0 a6 7. Nbd2 c5 8. e4 dxe4 9. Ng5 cxd4 10. Ndxe4 h6 11. Nxf6+ Nxf6 12. Nf3 Bc5 13. b4 Ba7 14. Bb2 Qe7 15. c5 0-0 16. Qxd4 Rd8 17. Qc3 Qf8 18. Rfd1 Nd5 19. Qb3 Bd7 20. Ne5 Bc6 21. Nxc6 bxc6 22. Qa4 Rdc8 23. Rd4 Bb8 24. Rg4 f6 25. Re1 e5 26. b5 Qxc5 27. Rc1 Qf8 28. Rxc6 Nc7 29. b6 Ba7 30. b7 Rab8 31. bxc8Q Qxc8 32. Qc4+ Kh8 33. Rxc7 Bxf2+ 34. Kxf2 Qf5+ 35. Kg1 h5 36. Rgxg7 Qb1+ 37. Bf1 Qf5 38. Rh7+ 1-0

[Event "Tula"]
[Site "Tula"]
[Date "2018.04.12"]
[Round "6"]
[White "Shkurkin, Andrey"]
[Black "Gusev, Aleksey"]
[Result "1/2-1/2"]
[WhiteElo "2238"]
[BlackElo "2368"]
[PlyCount "82"]
[EventDate "2018.04.09"]
[EventType "tourn"]
[EventRounds "13"]
[EventCountry "RUS"]
[EventCategory "2"]
[SourceTitle "CBM 184 Extra"]
[Source "ChessBase"]
[SourceDate "2018.06.28"]
[SourceVersion "1"]
[SourceVersionDate "2018.06.28"]
[SourceQuality "1"]

1. d4 Nf6 2. c4 d6 3. Nc3 Nbd7 4. e4 e5 5. Nf3 g6 6. Be2 Bg7 7. 0-0 0-0 8. Bg5 h6 9. Bh4 g5 10. Bg3 Nxe4 11. Nxe4 f5 12. dxe5 fxe4 13. Nd2 e3 14. fxe3 Nxe5 15. Qc2 Be6 16. Qe4 d5 17. Rxf8+ Qxf8 18. cxd5 Bf5 19. Qa4 Qc5 20. Qb3 Kh8 21. Kh1 b6 22. e4 Bg6 23. h3 c6 24. Nf3 Nxf3 25. Bxf3 cxd5 26. exd5 Bc2 27. Bd6 Qf2 28. Qc4 Bf5 29. Rf1 Qxb2 30. Be4 Rc8 31. Qa6 Bd7 32. Qb7 Qe2 33. Qxd7 Qxf1+ 34. Kh2 Rg8 35. Qxa7 Qf6 36. Qc7 Rd8 37. Bf3 h5 38. Qc6 h4 39. Bc7 Rf8 40. Qxb6 Qxb6 41. Bxb6 Rf4 1/2-1/2

[Event "Tula"]
[Site "Tula"]
[Date "2018.04.11"]
[Round "5"]
[White "Domogaev, Sergey"]
[Black "Shkurkin, Andrey"]
[Result "1-0"]
[WhiteElo "2398"]
[BlackElo "2238"]
[PlyCount "55"]
[EventDate "2018.04.09"]
[EventType "tourn"]
[EventRounds "13"]
[EventCountry "RUS"]
[EventCategory "2"]
[SourceTitle "CBM 184 Extra"]
[Source "ChessBase"]
[SourceDate "2018.06.28"]
[SourceVersion "1"]
[SourceVersionDate "2018.06.28"]
[SourceQuality "1"]

1. d4 Nf6 2. c4 g6 3. Nc3 Bg7 4. e4 d6 5. f3 b6 6. Bd3 0-0 7. Nge2 a6 8. Be3 c5 9. d5 e6 10. 0-0 exd5 11. exd5 Re8 12. Qd2 Nbd7 13. Bh6 Bh8 14. Ng3 Ne5 15. Be2 b5 16. cxb5 axb5 17. Bxb5 Ba6 18. Bxe8 Nxe8 19. Rfe1 Nc4 20. Qc1 Qa5 21. Nf5 Bf6 22. Ne7+ Kh8 23. Nc6 Qb6 24. Qf4 Ne5 25. Nxe5 dxe5 26. Rxe5 Bxe5 27. Qxe5+ f6 28. Qe7 1-0

[Event "RUS-chT rapid"]
[Site "Sochi"]
[Date "2017.10.03"]
[Round "3.3"]
[White "Shkurkin, Andrey"]
[Black "Demidov, Mikhail"]
[Result "0-1"]
[WhiteElo "2191"]
[BlackElo "2523"]
[PlyCount "90"]
[EventDate "2017.10.03"]
[EventType "team-swiss (rapid)"]
[EventRounds "9"]
[EventCountry "RUS"]
[SourceTitle "EXT 2018"]
[Source "ChessBase"]
[SourceDate "2017.10.13"]
[SourceVersion "1"]
[SourceVersionDate "2017.10.13"]
[SourceQuality "1"]
[WhiteTeam "Tula Region"]
[BlackTeam "Moscow Locomotive"]
[WhiteTeamCountry "RUS"]
[BlackTeamCountry "RUS"]

1. d4 d5 2. c4 c6 3. cxd5 cxd5 4. Bf4 Nc6 5. e3 Nf6 6. Nc3 a6 7. Bd3 Bg4 8. Nge2 e6 9. Rc1 Bxe2 10. Qxe2 Bd6 11. Bg5 h6 12. Bh4 Be7 13. 0-0 0-0 14. Na4 Nd7 15. Bg3 Qa5 16. Nc3 Rac8 17. Bb1 b5 18. Qd3 f5 19. f3 Nf6 20. Ne2 Qd8 21. Nf4 Qd7 22. a4 Nb4 23. Qe2 bxa4 24. Ng6 Rfe8 25. e4 Rxc1 26. Nxe7+ Rxe7 27. Rxc1 dxe4 28. fxe4 Nxe4 29. Be5 Nc6 30. Bxe4 Nxe5 31. dxe5 Qd4+ 32. Kh1 Qxe4 33. Qxe4 fxe4 34. Kg1 e3 35. Rc3 Rb7 36. Rxe3 Rxb2 37. Rc3 Kf7 38. h3 Kg6 39. Rc5 Rb5 40. Rc6 Ra5 41. Rxe6+ Kf5 42. Re8 a3 43. e6 a2 44. Kh2 a1Q 45. e7 Qe5+ 0-1

[Event "RUS-chT rapid"]
[Site "Sochi"]
[Date "2017.10.03"]
[Round "1.3"]
[White "Shkurkin, Andrey"]
[Black "Savchenko, Boris"]
[Result "0-1"]
[WhiteElo "2191"]
[BlackElo "2585"]
[PlyCount "70"]
[EventDate "2017.10.03"]
[EventType "team-swiss (rapid)"]
[EventRounds "9"]
[EventCountry "RUS"]
[SourceTitle "EXT 2018"]
[Source "ChessBase"]
[SourceDate "2017.10.13"]
[SourceVersion "1"]
[SourceVersionDate "2017.10.13"]
[SourceQuality "1"]
[WhiteTeam "Tula Region"]
[BlackTeam "Moscow Fighters for the Idea"]
[WhiteTeamCountry "RUS"]
[BlackTeamCountry "RUS"]

1. d4 Nf6 2. c4 g6 3. Nc3 d5 4. Bg5 Ne4 5. Bh4 Nxc3 6. bxc3 dxc4 7. e3 Be6 8. Be2 Nd7 9. Nf3 Bg7 10. 0-0 Nb6 11. a4 a5 12. Qc2 0-0 13. Rfb1 Bd5 14. Nd2 Qd7 15. e4 Bc6 16. Rxb6 cxb6 17. Nxc4 Bxa4 18. Rxa4 b5 19. Nb6 Qd6 20. Nxa8 bxa4 21. e5 Qd8 22. Qxa4 Qxa8 23. Bxe7 Rc8 24. d5 Rxc3 25. d6 Rc1+ 26. Bf1 Bf8 27. Bxf8 Qa6 28. h3 Qxf1+ 29. Kh2 Qg1+ 30. Kg3 Rc3+ 31. f3 Qe1+ 32. Kf4 Qh4+ 33. g4 g5+ 34. Kf5 Rxf3+ 35. Ke4 Rf4+ 0-1